[Event "POL-chT3"]
[Site "Jastrzebia Gora POL"]
[Date "2015.??.??"]
[Round "9.47"]
[White "Kanarkiewicz, Michal"]
[Black "Cieslak, Patrycjusz"]
[Result "0-1"]
[WhiteElo "2077"]
[BlackElo "1836"]
[EventDate "2015.??.??"]
[WhiteTitle "k"]
[BlackTitle "I"]

1.d4 e6 2.e4 d5 3.Nc3 Bb4 4.e5 Qd7 5.a3 Bxc3+ 6.bxc3 b6 7.Bd3 Ba6 8.Qg4 f5
9.Qe2 Bxd3 10.cxd3 Nc6 11.Nf3 Na5 12.Rb1 Rc8 13.c4 c5 14.cxd5 Qxd5 15.dxc5
Rxc5 16.O-O Ne7 17.d4 Rc4 18.Bb2 O-O 19.Rbc1 Rfc8 20.Rxc4 Rxc4 21.Rc1 Nec6
22.Rxc4 Nxc4 23.h3 b5 24.Bc1 Nxd4 25.Nxd4 Qxd4 26.Qh5 Qd7 27.Bf4 Nxa3 28.
Qf3 Nc4 29.Qa8+ Kf7 30.h4 Nb6 31.Qh8 Nd5 32.Bd2 h6 33.Qh7 Qd8 34.h5 Qg8 
35.Qg6+ Kf8 36.Qg3 Qf7 37.Qa3+ Qe7 38.Qa6 Qd7 39.Qa3+ Kf7 40.Qg3 Ne7 41.
Qe3 Nc6 42.Kh2 Qd4 43.Qg3 Nxe5 44.Be3 Ng4+ 45.Kh3 Nxe3 46.Qc7+ Kf6 47.fxe3
Qxe3+ 0-1

[Event "POL-chT3"]
[Site "Jastrzebia Gora POL"]
[Date "2015.??.??"]
[Round "9.48"]
[White "Dziodzio, Angelika"]
[Black "Kasperek, Joanna"]
[Result "1/2-1/2"]
[WhiteElo "2095"]
[BlackElo "2051"]
[EventDate "2015.??.??"]
[WhiteTitle "k"]
[BlackTitle "k++"]

1.c4 c5 2.Nc3 Nc6 3.g3 g6 4.Bg2 Bg7 5.e3 d6 6.d3 Nf6 7.Nge2 O-O 8.O-O e6 
9.Rb1 d5 10.a3 dxc4 11.dxc4 Qxd1 12.Rxd1 Na5 13.b3 Rb8 14.Bd2 Bd7 15.Nb5 
Bxb5 16.Bxa5 Bc6 17.Bxc6 bxc6 18.Bc7 Rb7 19.Bd6 Rd8 20.Bxc5 Rxd1+ 21.Rxd1 
h6 22.b4 Ne4 23.Rd8+ Kh7 24.Bd4 Bxd4 25.exd4 a5 26.bxa5 Ra7 27.d5 cxd5 28.
cxd5 Rxa5 29.dxe6 fxe6 30.Rd7+ Kg8 31.Rd8+ Kf7 32.Rd7+ Kf6 33.Rd3 g5 34.f3
Nc5 35.Rc3 Na4 36.Rb3 Nc5 37.Rc3 Na4 38.Rb3 Nc5 39.Rc3 Na4 40.Rb3 Nc5 
1/2-1/2

[Event "POL-chT3"]
[Site "Jastrzebia Gora POL"]
[Date "2015.??.??"]
[Round "9.49"]
[White "Hnydiuk, Aleksander"]
[Black "Rozycki, Bartlomiej"]
[Result "1/2-1/2"]
[WhiteElo "2354"]
[BlackElo "2167"]
[EventDate "2015.??.??"]
[WhiteTitle "IM"]
[BlackTitle "k++"]

1.d4 Nf6 2.c4 e6 3.g3 c5 4.Nf3 cxd4 5.Nxd4 d5 6.Bg2 e5 7.Nf3 d4 8.O-O Nc6 
9.e3 Bf5 10.exd4 exd4 11.Bf4 Be7 12.Ne5 O-O 13.Qb3 Rc8 14.Na3 Bd6 15.Rfe1 
Bxe5 16.Bxe5 b6 17.Nb5 Nxe5 18.Rxe5 Be6 19.Nxa7 Bxc4 20.Qb4 Rc7 21.Nc6 
Rxc6 22.Bxc6 Qc7 23.Qxc4 Qxe5 24.Rd1 Rd8 25.Bf3 h6 26.Kg2 Nh7 27.h4 Nf8 
28.Rd2 Ne6 29.b4 Rd7 30.Qc8+ Rd8 31.Qc4 Rd7 32.Qc8+ Rd8 33.Qc4 Rd7 1/2-1/2

[Event "POL-chT3"]
[Site "Jastrzebia Gora POL"]
[Date "2015.??.??"]
[Round "9.52"]
[White "Praczukowski, Stanislaw"]
[Black "Szmyd, Arkadiusz"]
[Result "1/2-1/2"]
[WhiteElo "2028"]
[BlackElo "2137"]
[EventDate "2015.??.??"]
[WhiteTitle "I++"]
[BlackTitle "k"]

1.e4 Nf6 2.e5 Nd5 3.d4 d6 4.Nf3 Bg4 5.Be2 Nc6 6.exd6 exd6 7.c4 Nf6 8.d5 
Bxf3 9.Bxf3 Ne5 10.Be2 g6 11.O-O Bg7 12.Qb3 b6 13.Nc3 O-O 14.Be3 a5 15.a3 
Ned7 16.Qc2 Re8 17.Bf3 Ne5 18.Be2 Ned7 19.Bf3 Ne5 20.Be2 Ned7 21.Bf3 
1/2-1/2

[Event "POL-chT3"]
[Site "Jastrzebia Gora POL"]
[Date "2015.??.??"]
[Round "9.53"]
[White "Knopik, Krzysztof"]
[Black "Kokoszczynski, Jan"]
[Result "1-0"]
[WhiteElo "2150"]
[BlackElo "1873"]
[EventDate "2015.??.??"]
[WhiteTitle "k"]
[BlackTitle "I++"]

1.e4 e6 2.d4 d5 3.exd5 exd5 4.Bd3 Nc6 5.Ne2 Bd6 6.c3 Nge7 7.Bf4 Bg4 8.Bg3 
Qd7 9.b4 h5 10.Nd2 h4 11.Bxd6 Qxd6 12.Nb3 h3 13.g3 Bf3 14.Rg1 Nd8 15.Nd2 
Bg4 16.f3 Bf5 17.Qc2 g6 18.Kf2 Ne6 19.Rge1 O-O 20.Nf1 Kg7 21.Ne3 Bxd3 22.
Qxd3 Ng5 23.Nf4 b6 24.Re2 Rad8 25.Rae1 Rd7 26.Ng4 Nf5 27.Qd2 c5 28.bxc5 
bxc5 29.Re5 cxd4 30.Nh5+ gxh5 31.Rxf5 Nxf3 32.Rxf3 hxg4 33.Qxd4+ Kh7 34.
Rf6 Qa3 35.Qxg4 Qb2+ 36.Re2 Qc1 37.Qxd7 1-0

[Event "POL-chT3"]
[Site "Jastrzebia Gora POL"]
[Date "2015.??.??"]
[Round "9.54"]
[White "Olechnicka, Karolina"]
[Black "Gonsior, Monika"]
[Result "1/2-1/2"]
[WhiteElo "1747"]
[BlackElo "1952"]
[EventDate "2015.??.??"]
[WhiteTitle "k++"]
[BlackTitle "m"]

1.e4 e5 2.Nf3 d6 3.Bc4 Be6 4.Qe2 Nc6 5.O-O Bg4 6.Qe3 Qf6 7.Ng5 Nh6 8.Nc3 
Be7 9.d3 Be6 10.Nxe6 fxe6 11.Ne2 Na5 12.Bb5+ c6 13.Bd2 Bd8 14.Ba4 b5 15.
Bb3 Bb6 16.Qg3 O-O 17.Bg5 Qg6 18.Be7 Nxb3 19.axb3 Rf7 20.Qxg6 hxg6 21.Bh4 
Raf8 22.h3 g5 23.Bg3 Rd7 24.Kh2 Nf7 25.f3 d5 26.Bf2 d4 27.Be1 Ra8 28.Ra6 
c5 29.Bd2 Rc8 30.Rc1 c4 31.bxc4 bxc4 32.Raa1 Rdc7 33.Kg3 Kh7 34.Rab1 cxd3 
35.cxd3 Rxc1 36.Rxc1 Rxc1 37.Nxc1 Kg6 38.Bb4 Nd8 39.Kg4 Nc6 40.Bd6 Kf6 41.
Nb3 Kg6 42.Kg3 Bd8 43.Kf2 Be7 1/2-1/2

[Event "POL-chT3"]
[Site "Jastrzebia Gora POL"]
[Date "2015.??.??"]
[Round "9.59"]
[White "Dmochowska, Agnieszka"]
[Black "Krasiewicz, Robert"]
[Result "0-1"]
[WhiteElo "1973"]
[BlackElo "2027"]
[EventDate "2015.??.??"]
[WhiteTitle "WCM"]
[BlackTitle "k+"]

1.e4 e6 2.d4 d5 3.Nd2 Be7 4.Ngf3 Nf6 5.Bd3 c5 6.dxc5 Nc6 7.O-O Bxc5 8.exd5
Qxd5 9.Qe2 O-O 10.Ne4 Nxe4 11.Bxe4 Qh5 12.Rd1 Be7 13.Bxc6 bxc6 14.Qe4 Rb8 
15.Bf4 Rxb2 16.Rab1 Rxb1 17.Rxb1 Qd5 18.Qa4 Bc5 19.Ne5 f6 20.Nd3 Bb6 21.
Bb8 Qd4 22.Qxc6 Bd7 23.Qd6 Qxd6 24.Bxd6 Rc8 25.Rc1 Bb5 26.Nf4 Bc4 27.a3 e5
28.Nh5 Bb3 29.c3 Rd8 30.Be7 Rd2 31.Ng3 Rxf2 32.Kh1 Bd5 0-1

[Event "POL-chT3"]
[Site "Jastrzebia Gora POL"]
[Date "2015.??.??"]
[Round "9.60"]
[White "Sliwicka, Alicja"]
[Black "Burakowska, Gabriela"]
[Result "1-0"]
[WhiteElo "2003"]
[BlackElo "1783"]
[EventDate "2015.??.??"]
[WhiteTitle "WFM"]
[BlackTitle "I++"]

1.e4 c5 2.Nf3 e6 3.d4 cxd4 4.Nxd4 a6 5.Bd3 Nc6 6.Nxc6 bxc6 7.O-O d5 8.c4 
dxc4 9.Bxc4 Qc7 10.Nc3 Nf6 11.Be3 e5 12.Rc1 Rb8 13.Bb3 Be7 14.Nd5 Nxd5 15.
exd5 c5 16.Qc2 O-O 17.Bxc5 Bxc5 18.Qxc5 Qxc5 19.Rxc5 Bf5 20.Re1 Rfc8 21.
Rec1 Rd8 22.h3 h6 23.Rc7 Be4 24.Rd1 Rb6 25.f3 Bg6 26.Rdc1 e4 27.Rc8 Rxc8 
28.Rxc8+ Kh7 29.Rc6 Rb8 30.fxe4 Bxe4 31.Rxa6 Rd8 32.d6 Bg6 33.Rb6 1-0

[Event "POL-chT3"]
[Site "Jastrzebia Gora POL"]
[Date "2015.??.??"]
[Round "9.67"]
[White "Krogulski, Grzegorz"]
[Black "Jurkiewicz, Krzysztof"]
[Result "1-0"]
[WhiteElo "2304"]
[BlackElo "2299"]
[EventDate "2015.??.??"]
[WhiteTitle "m"]
[BlackTitle "m"]

1.e4 d5 2.exd5 Qxd5 3.Nc3 Qa5 4.d4 Nf6 5.Bc4 Bg4 6.f3 Bf5 7.g4 Bg6 8.Ne2 
h5 9.Bd2 c6 10.Nf4 Bh7 11.Qe2 hxg4 12.fxg4 Bxc2 13.h4 Qb6 14.g5 Nfd7 15.
Rf1 Qxb2 16.Bxf7+ Kd8 17.Rc1 Bf5 18.Be6 Bxe6 19.Nxe6+ Kc8 20.Nxf8 Nxf8 21.
Qxe7 Nfd7 22.h5 Na6 23.h6 gxh6 24.Rf7 Rd8 25.gxh6 Qb4 26.Qe4 Nc7 27.h7 Qc4
28.Rg7 Rf8 29.Ne2 Qb5 30.Qg4 Qd5 31.Rg8 Qf7 32.Rxf8+ 1-0

[Event "POL-chT3"]
[Site "Jastrzebia Gora POL"]
[Date "2015.??.??"]
[Round "9.68"]
[White "Zaleski, Lukasz"]
[Black "Sygulski, Boguslaw"]
[Result "1/2-1/2"]
[WhiteElo "2052"]
[BlackElo "2242"]
[EventDate "2015.??.??"]
[WhiteTitle "k"]
[BlackTitle "IM"]

1.e4 c5 2.Nf3 Nc6 3.d4 cxd4 4.Nxd4 d5 5.Bb5 dxe4 6.Nxc6 Qxd1+ 7.Kxd1 a6 8.
Ba4 Bd7 9.Nc3 Bxc6 10.Bxc6+ bxc6 11.Nxe4 e5 12.b3 f5 13.Nd2 O-O-O 14.Ke2 
Nf6 15.Bb2 Bd6 16.Nc4 Bc7 17.Rhd1 Rxd1 18.Rxd1 Re8 19.Nd6+ Bxd6 20.Rxd6 
Kc7 21.Rd1 Nd5 22.g3 Re6 23.c4 Nf6 24.Bc3 Nd7 25.Ba5+ Kc8 26.h4 g6 27.Kf3 
h5 28.Ke3 Rf6 29.Ke2 Re6 30.Ke3 Rf6 31.Ke2 Re6 32.Ke3 Rf6 33.Ke2 1/2-1/2

[Event "POL-chT3"]
[Site "Jastrzebia Gora POL"]
[Date "2015.??.??"]
[Round "9.71"]
[White "Augustyn, Sebastian"]
[Black "Grota, Mateusz"]
[Result "1-0"]
[WhiteElo "2109"]
[BlackElo "1890"]
[EventDate "2015.??.??"]
[WhiteTitle "k"]
[BlackTitle "I"]

1.e4 e5 2.d4 exd4 3.Qxd4 Nc6 4.Qe3 Nf6 5.Nc3 Bb4 6.Bd2 Qe7 7.O-O-O d6 8.
Qg3 O-O 9.f3 Be6 10.Nge2 Ne5 11.Bg5 Bc4 12.Nd4 Bxc3 13.bxc3 d5 14.Bxf6 
Qxf6 15.f4 Ng6 16.Bxc4 dxc4 17.Nf5 Rfe8 18.Rhe1 Qa6 19.Rd4 Qa3+ 20.Kd2 
Rad8 21.h4 Rxd4+ 22.cxd4 Qxg3 23.Nxg3 Nxf4 24.Rg1 g6 25.Ke3 Ne6 1-0

[Event "POL-chT3"]
[Site "Jastrzebia Gora POL"]
[Date "2015.??.??"]
[Round "9.72"]
[White "Cichocka, Urszula"]
[Black "Jalowiec, Halina"]
[Result "0-1"]
[WhiteElo "1697"]
[BlackElo "1985"]
[EventDate "2015.??.??"]
[WhiteTitle "I++"]
[BlackTitle "WFM"]

1.e4 e5 2.Nf3 Nc6 3.Bc4 Be7 4.d4 d6 5.Nc3 Nf6 6.dxe5 Nxe5 7.Nxe5 dxe5 8.
Qxd8+ Bxd8 9.f3 c6 10.Be3 O-O 11.Bc5 Re8 12.Rd1 Nd7 13.Be3 Be7 14.O-O b5 
15.Be2 Nc5 16.b4 Ne6 17.a3 a5 18.Rb1 Nd4 19.Bd3 axb4 20.axb4 Ra3 21.Nd1 
Rd8 22.c3 Nxf3+ 23.Rxf3 Rxd3 24.Rf2 Be6 25.Rd2 Bc4 26.Rc1 h5 27.Rxd3 Bxd3 
28.Nf2 Bc4 29.Nd1 Be2 30.Nf2 Kf8 31.h3 Ke8 32.Re1 Bc4 33.Nd1 Kd7 34.Bf2 
Ke6 35.Kh2 Bg5 36.Be3 Bf4+ 37.Bxf4 exf4 38.e5 Ra1 39.Rg1 Ra2 40.Re1 Bd5 
41.Rg1 Rd2 42.h4 Bb3 0-1

[Event "POL-chT3"]
[Site "Jastrzebia Gora POL"]
[Date "2015.??.??"]
[Round "9.74"]
[White "Lukasik, Adam"]
[Black "Kulczyk, Pawel"]
[Result "1/2-1/2"]
[WhiteElo "2003"]
[BlackElo "2095"]
[EventDate "2015.??.??"]
[WhiteTitle "I"]
[BlackTitle "k"]

1.Nf3 d5 2.d4 c5 3.c4 dxc4 4.e3 Nf6 5.Bxc4 e6 6.Nc3 a6 7.a4 Be7 8.O-O O-O 
9.e4 cxd4 10.Nxd4 Bc5 11.Nb3 Qxd1 12.Rxd1 Ba7 13.h3 Nc6 14.Bg5 Ne5 15.Be2 
Bd7 16.Bf4 Bb8 17.Be3 Bc6 18.f3 Ba7 19.Bxa7 Rxa7 20.Na5 Rc8 21.Nxc6 Nxc6 
22.Rd2 Raa8 23.Rad1 Kf8 24.Kf2 Ke8 25.Ke3 Rd8 26.f4 Rxd2 27.Rxd2 Nb4 28.
Bf3 Nd7 29.e5 Nc5 30.Ne4 Nxe4 31.Bxe4 Rb8 32.Rd4 Nc6 33.Bxc6+ bxc6 34.b4 
a5 35.bxa5 Ra8 36.Rd6 Rxa5 37.Rxc6 Rxa4 38.Rc8+ Ke7 39.Rc7+ Ke8 40.Rc8+ 
Ke7 41.Rc7+ Ke8 42.Kf3 Ra8 43.Rb7 Rd8 44.Kg4 Rd7 1/2-1/2

[Event "POL-chT3"]
[Site "Jastrzebia Gora POL"]
[Date "2015.??.??"]
[Round "9.77"]
[White "Stoppel, Mariusz"]
[Black "Szczygiel, Konrad"]
[Result "1/2-1/2"]
[WhiteElo "2034"]
[BlackElo "1815"]
[EventDate "2015.??.??"]
[WhiteTitle "I+"]
[BlackTitle "I"]

1.e4 e6 2.d4 d5 3.Nc3 Nf6 4.Bg5 Be7 5.Bxf6 Bxf6 6.Nf3 Nc6 7.e5 Be7 8.Bd3 
O-O 9.a3 f6 10.Qe2 fxe5 11.dxe5 Bg5 12.O-O Bh6 13.b4 Ne7 14.Nb5 Nf5 15.
Bxf5 Rxf5 16.a4 a6 17.Nbd4 Rf4 18.Rad1 c6 1/2-1/2

[Event "POL-chT3"]
[Site "Jastrzebia Gora POL"]
[Date "2015.??.??"]
[Round "9.78"]
[White "Waszczuk, Patrycja"]
[Black "Mackiewicz, Anna"]
[Result "0-1"]
[WhiteElo "1926"]
[BlackElo "1955"]
[EventDate "2015.??.??"]
[WhiteTitle "I++"]
[BlackTitle "k+"]

1.e4 c5 2.Nf3 e6 3.d4 cxd4 4.Nxd4 a6 5.Bd3 Qc7 6.O-O Nf6 7.Qe2 d6 8.c4 Be7
9.Nc3 O-O 10.f4 Nbd7 11.Bd2 b6 12.Rae1 Rd8 13.Kh1 Bb7 14.Nf3 Rac8 15.b3 
Nc5 16.Bb1 Bc6 17.e5 Nfd7 18.Nd5 exd5 19.e6 fxe6 20.b4 Ne4 21.Nd4 Nf8 22.
Nxe6 Nxe6 23.cxd5 Nxd2 24.Qxd2 Bb5 25.Bf5 Bxf1 26.Bxe6+ Kh8 27.Bxc8 Bxg2+ 
28.Qxg2 Rxc8 29.Qe2 Bf8 30.Qxa6 Qc3 31.Re3 Qxe3 32.Qxc8 Qxf4 33.Qb8 Qf1# 
0-1

[Event "POL-chT3"]
[Site "Jastrzebia Gora POL"]
[Date "2015.??.??"]
[Round "9.79"]
[White "Suliborski, Jakub"]
[Black "Banasik, Krzysztof"]
[Result "0-1"]
[WhiteElo "2071"]
[BlackElo "2220"]
[EventDate "2015.??.??"]
[WhiteTitle "I++"]
[BlackTitle "k"]

1.e4 d6 2.d4 Nf6 3.Nc3 e5 4.Nf3 Nbd7 5.h3 Be7 6.Be3 c6 7.g4 O-O 8.g5 Ne8 
9.h4 b5 10.a3 Nc7 11.Bh3 Ne6 12.d5 cxd5 13.exd5 Nc7 14.Qd3 a5 15.h5 Nc5 
16.Bxc5 dxc5 17.g6 b4 18.Nxe5 bxc3 19.gxf7+ Rxf7 20.Nxf7 cxb2 21.Rb1 Kxf7 
22.Rxb2 Bf6 23.Rb1 Qxd5 24.Qxd5+ Nxd5 25.Bxc8 Rxc8 26.Rb7+ Rc7 27.Rxc7+ 
Nxc7 28.Ke2 Ke6 29.Kd3 Nb5 30.h6 g5 31.Rb1 c4+ 32.Kd2 Bc3+ 33.Ke3 Nxa3 34.
Rb7 Kf5 35.Rxh7 Nxc2+ 36.Ke2 Kg6 37.Rc7 Na3 38.h7 Bg7 39.Rc5 a4 40.Kd1 c3 
41.Ra5 Nc4 42.Ra6+ Kxh7 43.Kc2 Na3+ 44.Kc1 Be5 0-1

[Event "POL-chT3"]
[Site "Jastrzebia Gora POL"]
[Date "2015.??.??"]
[Round "9.80"]
[White "Tustanowski, Robert"]
[Black "Kowalec, Maciej"]
[Result "1/2-1/2"]
[WhiteElo "2226"]
[BlackElo "2005"]
[EventDate "2015.??.??"]
[WhiteTitle "m"]
[BlackTitle "k"]

1.e4 e6 2.d3 d5 3.Nd2 Nf6 4.Ngf3 b6 5.c3 Bb7 6.Qc2 c5 7.Be2 Nc6 8.O-O h6 
9.Re1 Be7 10.Bf1 O-O 11.a4 Rc8 12.exd5 exd5 13.Nb3 Bd6 14.g3 Qd7 15.Bg2 
Rfe8 16.Rxe8+ Rxe8 17.d4 c4 18.Nbd2 Na5 19.b4 cxb3 20.Nxb3 Nxb3 21.Qxb3 
Ba6 22.Ne5 Bxe5 23.dxe5 Bc4 24.Qd1 Rxe5 25.Be3 Re8 26.a5 b5 27.a6 Ne4 28.
Qd4 Re7 29.Bxe4 dxe4 30.Qxd7 Rxd7 31.g4 f6 32.Kg2 Kf7 33.f3 exf3+ 34.Kxf3 
Rd3 35.Kf2 Rd7 36.Bc5 Rc7 37.Bd4 Rd7 38.Bc5 Rc7 39.Bd4 Rd7 40.Bc5 Rc7 
1/2-1/2

[Event "POL-chT3"]
[Site "Jastrzebia Gora POL"]
[Date "2015.??.??"]
[Round "9.81"]
[White "Parol, Pawel"]
[Black "Szczesniak, Konrad"]
[Result "1-0"]
[WhiteElo "2039"]
[BlackElo "2156"]
[EventDate "2015.??.??"]
[WhiteTitle "I++"]
[BlackTitle "k"]

1.Nf3 Nf6 2.d4 g6 3.c4 Bg7 4.Nc3 d6 5.e4 O-O 6.Be2 e5 7.O-O Nc6 8.d5 Ne7 
9.b4 Nh5 10.Be3 Nf4 11.Rc1 h6 12.c5 Bd7 13.cxd6 cxd6 14.Nb5 Bxb5 15.Bxb5 
f5 16.Bxf4 fxe4 17.Bxe5 exf3 18.Bxg7 fxg2 19.Bxf8 gxf1=Q+ 20.Kxf1 Kxf8 21.
Qd4 Kf7 22.Qe4 a5 23.Qe6+ Kg7 24.Re1 Ng8 25.Be8 Qf6 26.Qd7+ Kh8 27.Qxb7 
Qf4 28.Qxa8 Qc4+ 29.Re2 Qc1+ 30.Kg2 Qg5+ 31.Kf3 Qf6+ 32.Ke4 axb4 33.Bb5 
Qe5+ 34.Kf3 Qf5+ 35.Kg2 Qg4+ 36.Kf1 Qh3+ 37.Ke1 Qc3+ 38.Rd2 Qa1+ 39.Rd1 
Qc3+ 40.Kf1 Qh3+ 41.Ke2 Qg4+ 42.Kd2 Qd4+ 43.Bd3 Qb2+ 44.Ke1 Qe5+ 45.Be2 
Qxh2 46.Qe8 Kg7 47.Qd7+ Kh8 48.Qe6 Kg7 49.Rc1 Qg1+ 50.Bf1 h5 51.Rc7+ 1-0

[Event "POL-chT3"]
[Site "Jastrzebia Gora POL"]
[Date "2015.??.??"]
[Round "9.82"]
[White "Siekaniec, Jan"]
[Black "Jozwik, Jacek"]
[Result "1/2-1/2"]
[WhiteElo "2096"]
[BlackElo "2012"]
[EventDate "2015.??.??"]
[WhiteTitle "k"]
[BlackTitle "I"]

1.e4 d5 2.exd5 Nf6 3.Bb5+ Bd7 4.Bc4 Bg4 5.f3 Bc8 6.Nc3 Nbd7 7.Qe2 Nb6 8.
Bb5+ Bd7 9.d4 Bxb5 10.Qxb5+ Qd7 11.Qxd7+ Kxd7 12.Nh3 Nfxd5 13.Ng5 f6 14.
Nxd5 Nxd5 15.Ne4 Re8 16.Bd2 e5 17.dxe5 Rxe5 18.O-O-O Kc8 19.Kb1 Be7 20.c4 
Nb6 21.Bc3 Re6 22.b3 Rd8 23.Rde1 Re8 24.Kc2 Nd7 25.h4 Nc5 26.Nxc5 Bxc5 27.
h5 Kd7 28.Rd1+ Rd6 29.Rxd6+ Bxd6 30.Kd3 Be5 31.Bd2 Re6 32.Be3 b6 33.b4 Bd6
34.a3 f5 35.g4 f4 36.Bd2 Rh6 37.Bc3 Bf8 38.Be5 g5 39.Ke4 Ke6 40.Bxc7 Rf6 
41.Bd8 Be7 42.Rd1 h6 43.c5 bxc5 44.bxc5 Bxd8 45.Rxd8 Ke7 46.Rd6 Rxd6 47.
cxd6+ Kxd6 48.Kf5 Ke7 49.Kg6 Ke6 50.Kxh6 Kf6 51.Kh7 Kf7 52.h6 a6 53.Kh8 
Kf8 54.a4 a5 55.h7 Kf7 1/2-1/2

[Event "POL-chT3"]
[Site "Jastrzebia Gora POL"]
[Date "2015.??.??"]
[Round "9.83"]
[White "Suliborski, Artur"]
[Black "Tustanowski, Mateusz"]
[Result "0-1"]
[WhiteElo "1884"]
[BlackElo "1922"]
[EventDate "2015.??.??"]
[WhiteTitle "I"]
[BlackTitle "I"]

1.e4 e5 2.f4 exf4 3.Nf3 h6 4.h4 Nf6 5.Bc4 Nxe4 6.O-O d5 7.Re1 Be6 8.Bb3 g5
9.Nc3 Nxc3 10.bxc3 c6 11.Ne5 Qf6 12.c4 d4 13.Qh5 Be7 14.Bb2 c5 15.Qf3 Nd7 
16.Nxd7 Bxd7 17.Qxb7 Qc6 18.Qxc6 Bxc6 19.Ba3 Kd7 20.hxg5 Rhg8 21.Re5 Bd6 
22.Rf5 Rxg5 23.Rxg5 hxg5 24.Re1 g4 25.d3 a5 26.c3 dxc3 27.Bd1 f5 28.Bc1 f3
29.gxf3 gxf3 30.Kf2 Rh8 31.Bxf3 Rh2+ 32.Ke3 f4# 0-1

[Event "POL-chT3"]
[Site "Jastrzebia Gora POL"]
[Date "2015.??.??"]
[Round "9.84"]
[White "Kubicka, Anna"]
[Black "Murawko, Katarzyna"]
[Result "0-1"]
[WhiteElo "2171"]
[BlackElo "1977"]
[EventDate "2015.??.??"]
[WhiteTitle "m"]
[BlackTitle "k"]

1.e4 c5 2.Nf3 e6 3.d4 cxd4 4.Nxd4 a6 5.Bd3 Nc6 6.Nxc6 dxc6 7.O-O e5 8.Nd2 
Bd6 9.a4 Nf6 10.h3 O-O 11.Bc4 b6 12.Qe2 Bb7 13.Ba2 b5 14.Nf3 c5 15.axb5 
axb5 16.Qxb5 Bxe4 17.Ng5 Rb8 18.Qc4 Bg6 19.Bb3 Qe7 20.Bd2 e4 21.Rfe1 Qc7 
22.h4 h6 23.Nh3 Bf5 24.Bc3 Bxh3 25.Bxf6 Be6 26.Qxe4 gxf6 27.Bxe6 fxe6 28.
Qxe6+ Kh8 29.Red1 Rbd8 30.Kh1 Be5 31.c3 Qc8 32.Qc4 Rxd1+ 33.Rxd1 Rg8 34.
Qf1 Qg4 35.g3 Qf3+ 36.Kh2 Bxg3+ 37.fxg3 Qxg3+ 0-1

[Event "POL-chT3"]
[Site "Jastrzebia Gora POL"]
[Date "2015.??.??"]
[Round "9.85"]
[White "Lapaj, Mateusz"]
[Black "Snihur, Piotr"]
[Result "0-1"]
[WhiteElo "2133"]
[BlackElo "2246"]
[EventDate "2015.??.??"]
[WhiteTitle "k+"]
[BlackTitle "k"]

1.d4 Nf6 2.Nf3 e6 3.g3 d5 4.Bg2 Be7 5.O-O O-O 6.c4 dxc4 7.Ne5 Nc6 8.Bxc6 
bxc6 9.Nxc6 Qe8 10.Nxe7+ Qxe7 11.Qc2 e5 12.dxe5 Qxe5 13.f3 Qc5+ 14.Rf2 Be6
15.Nc3 Rfd8 16.Na4 Qa5 17.Be3 Nd5 18.Bd2 Qb5 19.e4 Ne7 20.Be3 Rd3 21.Re1 
Rad8 22.Rd2 Nc6 23.Nc3 Rxd2 24.Qxd2 Rxd2 25.Nxb5 Rxb2 26.Nc3 Ne5 27.Rf1 
Rc2 28.Bd4 Nd3 29.Rb1 f6 30.Nd5 Bxd5 31.exd5 Rc1+ 32.Rxc1 Nxc1 33.Kf2 Nxa2
34.Ke2 a5 35.Kd2 Kf7 36.Kc2 Ke7 37.Bc5+ Kd7 38.Kb2 Nb4 39.Kc3 Nxd5+ 40.
Kxc4 Kc6 0-1

[Event "POL-chT3"]
[Site "Jastrzebia Gora POL"]
[Date "2015.??.??"]
[Round "9.86"]
[White "Szadkowski, Kamil"]
[Black "Pinkas, Karol"]
[Result "1/2-1/2"]
[WhiteElo "2216"]
[BlackElo "2227"]
[EventDate "2015.??.??"]
[WhiteTitle "k+"]
[BlackTitle "IM"]

1.e4 e5 2.Nf3 Nc6 3.Bb5 f5 4.Nc3 Nf6 5.exf5 Bc5 6.O-O O-O 7.Nxe5 Nd4 8.Ba4
d5 9.Nf3 Bxf5 10.Nxd4 Bxd4 11.Ne2 Bg4 12.c3 Qe7 13.Bb5 a6 14.cxd4 axb5 15.
f3 Bf5 16.d3 Rfe8 17.Rf2 Ra6 18.Bf4 c6 19.Ng3 Bg6 20.Be5 Rea8 21.b3 Nd7 
22.f4 Rf8 23.f5 Be8 24.f6 Nxf6 25.Nf5 Qe6 26.Qf3 Bg6 27.Nxg7 Kxg7 28.Raf1 
Kg8 29.Bxf6 Raa8 30.Qg3 Rae8 31.h4 Qe3 32.Qd6 Re6 33.Qxf8+ Kxf8 34.Bg5+ 
Qxf2+ 35.Rxf2+ Ke8 36.Rd2 h5 37.Kf2 Kd7 38.Re2 Bxd3 39.Rxe6 Kxe6 40.b4 Kf5
41.Ke3 1/2-1/2

[Event "POL-chT3"]
[Site "Jastrzebia Gora POL"]
[Date "2015.??.??"]
[Round "9.87"]
[White "Garbowski, Jakub"]
[Black "Szadkowski, Krzysztof"]
[Result "0-1"]
[WhiteElo "2049"]
[BlackElo "2107"]
[EventDate "2015.??.??"]
[WhiteTitle "I+"]
[BlackTitle "k"]

1.e4 e5 2.Nf3 Nc6 3.Bb5 a6 4.Ba4 Nf6 5.O-O Be7 6.Re1 b5 7.Bb3 d6 8.c3 Bg4 
9.d3 O-O 10.Nbd2 Na5 11.Bc2 c5 12.Nf1 Qc7 13.h3 Bd7 14.Ng3 Rac8 15.Qe2 Nc6
16.Nh2 d5 17.Ng4 d4 18.Nf5 Bxf5 19.exf5 Nxg4 20.Qxg4 Qd7 21.Qe4 Rfd8 22.f4
exf4 23.Bxf4 Bh4 24.g3 dxc3 25.gxh4 Nd4 26.Bb3 cxb2 27.Rad1 Re8 28.Qg2 
Qxf5 29.Bh6 Rxe1+ 30.Rxe1 Qg6 31.Bg5 Qxd3 32.Bxf7+ Kh8 33.Qg4 Rf8 34.Qd1 
Qg3+ 35.Kh1 Qxh3+ 36.Kg1 Nf3+ 37.Kf2 Nxe1 38.Qxe1 Rxf7+ 39.Kg1 Rf1+ 0-1

[Event "POL-chT3"]
[Site "Jastrzebia Gora POL"]
[Date "2015.??.??"]
[Round "9.88"]
[White "Kwiatkowski, Wiktor"]
[Black "Siedlinski, Piotr"]
[Result "0-1"]
[WhiteElo "1941"]
[BlackElo "2072"]
[EventDate "2015.??.??"]
[WhiteTitle "I"]
[BlackTitle "k"]

1.e4 c5 2.Nf3 e6 3.d4 cxd4 4.Nxd4 Nc6 5.Nc3 Qc7 6.Be3 a6 7.Bd3 b5 8.O-O 
Bb7 9.Nb3 d6 10.f4 Nf6 11.Qf3 h5 12.h3 Nb4 13.Qf2 Be7 14.a3 Nxd3 15.cxd3 
Rc8 16.Rac1 Qb8 17.Na5 g6 18.Nxb7 Qxb7 19.e5 Nd7 20.exd6 Bxd6 21.Ne4 Be7 
22.Bd4 O-O 23.Qf3 Qd5 24.Bc3 Bc5+ 25.Nxc5 Qxf3 26.Rxf3 Rxc5 27.Rff1 Rfc8 
28.Kf2 Nb6 29.Bd2 Rc2 30.Ke2 Nd5 31.Kd1 Rxc1+ 32.Bxc1 Kf8 33.Kd2 a5 34.Kd1
Ke7 35.Rf2 Kd6 36.Bd2 b4 37.axb4 axb4 38.Rf3 Ra8 39.d4 Ra1+ 40.Kc2 Rg1 41.
Rf2 Kc6 42.Kb3 Kb5 43.h4 Rh1 44.g3 Rg1 45.Rf3 Rg2 46.Rd3 Re2 47.Kc2 Kc4 
48.b3+ Kb5 49.Rf3 Rg2 50.Kd3 Nc7 51.Re3 Rf2 52.Be1 Rb2 53.Ke4 Nd5 54.Rd3 
Re2+ 0-1

[Event "POL-chT3"]
[Site "Jastrzebia Gora POL"]
[Date "2015.??.??"]
[Round "9.89"]
[White "Rosicki, Marcin"]
[Black "Matlewski, Adam"]
[Result "1-0"]
[WhiteElo "1826"]
[BlackElo "1802"]
[EventDate "2015.??.??"]
[WhiteTitle "I"]
[BlackTitle "I"]

1.e4 c6 2.c4 d5 3.cxd5 cxd5 4.exd5 Nf6 5.Nc3 g6 6.Bb5+ Nbd7 7.d6 exd6 8.d4
Qe7+ 9.Qe2 Qxe2+ 10.Ngxe2 Bg7 11.Bf4 d5 12.Bd6 a6 13.Ba4 b5 14.Bb3 Nb6 15.
Nf4 Be6 16.a4 Nc4 17.Bb4 Kd7 18.axb5 axb5 19.Ke2 Kc6 20.Na2 Rhe8 21.f3 Bh6
22.g3 Bg4+ 23.Kf2 Bxf3 24.Kxf3 Re3+ 25.Kg2 Rxb3 26.Bc3 Ne3+ 27.Kf3 Nc2 28.
Nb4+ Rxb4 29.Rxa8 Nxd4+ 30.Bxd4 Rxd4 31.Ra6+ Kc5 32.Rxf6 Rd2 33.Rxf7 Bxf4 
34.Rxf4 d4 35.Ke4 Kc4 36.Rf7 Re2+ 37.Kf3 Rxb2 38.Rc7+ Kb4 39.Ke4 Kb3 40.
Kxd4 b4 41.Rxh7 1-0

[Event "POL-chT3"]
[Site "Jastrzebia Gora POL"]
[Date "2015.??.??"]
[Round "9.90"]
[White "Miturova, Magdalena"]
[Black "Guzik, Jolanta"]
[Result "1-0"]
[WhiteElo "2173"]
[BlackElo "1980"]
[EventDate "2015.??.??"]
[WhiteTitle "WFM"]
[BlackTitle "WFM"]

1.e4 d5 2.exd5 Qxd5 3.Nc3 Qa5 4.d4 Nf6 5.Bd2 c6 6.Bc4 Bf5 7.Qe2 e6 8.d5 
cxd5 9.Nxd5 Qd8 10.Nxf6+ gxf6 11.O-O-O Qc7 12.g4 Bg6 13.Bc3 Be7 14.Nh3 h5 
15.g5 Nd7 16.gxf6 Nxf6 17.Be5 Qc5 18.Bb5+ Kf8 19.Bd3 Bxd3 20.Rxd3 Rg8 21.
Nf4 Ng4 22.Bd4 Qg5 23.Be3 Nxe3 24.fxe3 h4 25.Rf1 Ke8 26.Rb3 b6 27.Rb5 Qg4 
28.Qc4 Bc5 29.Rxc5 bxc5 30.Qb5+ Kf8 31.Qxc5+ Kg7 32.h3 1-0

[Event "POL-chT3"]
[Site "Jastrzebia Gora POL"]
[Date "2015.??.??"]
[Round "9.92"]
[White "Widla, Piotr"]
[Black "Badyra, Wasyl"]
[Result "0-1"]
[WhiteElo "2009"]
[BlackElo "2030"]
[EventDate "2015.??.??"]
[WhiteTitle "I++"]
[BlackTitle "I"]

1.e4 c5 2.Nc3 Nc6 3.g3 e5 4.Bg2 Be7 5.d3 d6 6.Be3 h6 7.h3 Be6 8.Nge2 Bf6 
9.f4 exf4 10.Nxf4 Nge7 11.Nxe6 fxe6 12.Qh5+ g6 13.Qg4 Qd7 14.O-O Bg7 15.a4
O-O-O 16.a5 Nd4 17.Bxd4 Bxd4+ 18.Kh1 Rdf8 19.a6 b6 20.Qe2 Kb8 21.Nd1 Rxf1+
22.Qxf1 Nc6 23.c3 Bg7 24.Ne3 Rf8 25.Qe2 Be5 26.Kh2 h5 27.Nc4 h4 28.Nxe5 
hxg3+ 29.Kxg3 dxe5 30.Rf1 Rxf1 31.Qxf1 Qe7 32.Qf3 Kc7 33.h4 Kd7 34.Bh3 Qg7
35.Kg2 Ke7 36.Qd1 Qh6 37.Qg4 Nd8 38.Qg3 Qd2+ 39.Kg1 Qc1+ 40.Bf1 Kf6 41.
Qf2+ Qf4 42.Kg2 Nc6 43.Be2 g5 44.hxg5+ Kxg5 45.Qg3+ Qxg3+ 46.Kxg3 Nb8 47.
Kf3 b5 48.Ke3 Nxa6 49.d4 c4 50.dxe5 Nc5 51.Kd4 Na4 52.b3 cxb3 53.Bxb5 Nb6 
54.Bd3 a5 55.c4 a4 56.Kc3 Nd7 57.Kb4 Nc5 58.Bb1 Kf4 59.Kc3 Ke3 60.Kb2 Kd2 
61.Ka1 Kc1 62.Bd3 Nxd3 63.c5 Nb4 0-1